000 01343cam a22003615a 4500
001 17272095
003 EG-ScBUE
005 20220407100613.0
008 120425s2012 enka f bf 001 0 eng d
020 _a9780415622639
040 _aDLC
_beng
_erda
_cDLC
_dDLC
_dDLC
_dEG-ScBUE
_dEG-ScBUE
082 0 4 _a410.188
_bROU
_222
245 0 4 _aThe Routledge handbook of corpus linguistics /
_cedited by Anne O'Keeffe and Michael McCarthy.
246 3 0 _aHandbook of corpus linguistics
246 3 0 _aCorpus linguistics
264 1 _aLondon ;
_aNew York :
_bRoutledge,
_c2012.
300 _axxviii, 682 pages :
_billustrations ;
_c24 cm.
336 _2rdacontent
_atext
_btxt
337 _2rdamedia
_aunmediated
_bn
338 _2rdacarrier
_avolume
_bnc
490 0 _aRoutledge handbooks in applied linguistics
500 _aOriginally published : London ; New York : Routledge, 2010.
504 _aIncludes bibliographical references and index.
650 7 _aCorpora (Linguistics)
_vHandbooks, manuals, etc.
_2BUEsh
_940992
650 7 _aDiscourse analysis
_vHandbooks, manuals, etc.
_2BUEsh
651 _2BUEsh
653 _cJuly2015
_cFebruary2016
653 _bHHUUEENN
_cJuly2015
_cFebruary2016
655 _vReading book
_934232
700 1 _aO'Keeffe, Anne,
_eeditor.
700 1 _aMcCarthy, Michael,
_d1947-
_eeditor.
942 _2ddc
_cBB
999 _c20331
_d20303